Películas de Christopher Nolan - Estadísticas

Estadísticas generales
  • Esta prueba ha sido intentada 2.090 veces
    1.710 desde el último reinicio
  • La puntuación promedio es 7 de 13
Estadísticas de respuestas
Año Reparto Película % Correcto
2005 Christian Bale, Cillian Murphy Batman Begins
84%
2014 Matthew McCounaghey, Anne Hathaway Interstellar
83%
2023 Cillian Murphy, Emily Blunt Oppenheimer
83%
2008 Christian Bale, Heath Ledger El Caballero Oscuro
78%
2010 Leonardo DiCaprio, Tom Hardy Origen
72%
2020 John David Washington, Robert Pattinson Tenet
60%
2000 Guy Pearce, Joe Pantoliano Memento
58%
2026 Matt Damon, Tom Holland La Odisea
57%
2012 Christian Bale, Tom Hardy El Caballero Oscuro: La Leyenda Renace
45%
2006 Christian Bale, Hugh Jackman El Truco Final (El Prestigio)
45%
2017 Barry Keoghan, Tom Hardy Dunkerque
41%
2002 Hilary Swank, Al Pacino Insomnio
24%
1998 Lucy Rusell, David Julyan Following
18%
No se encontraron pruebas coincidentes
Distribución de puntuación
Porcentaje de gente con cada puntuación
Porcentaje por número respondido
Historial de tus puntuaciones
No has intentado esta prueba desde el último reinicio